| 000 | 01574 am a2200409 a 4500 | ||
|---|---|---|---|
| 005 | 20240529133145.0 | ||
| 008 | 110328s2005||||xx d f |||| 001 0 spa d | ||
| 041 | _aspa | ||
| 092 |
_c614.4 _l84 _sTRE |
||
| 100 | 1 |
_aTregnaghi, Miguel W. _9670 |
|
| 245 |
_aManual de vacunas de Latinoamérica / _cMiguel W. Tregnachi. |
||
| 250 | _a3a ed. | ||
| 260 |
_aS/L: _bAsociación Panamericana de Infectología ; S.L.I.P.E; _c2005. |
||
| 300 | _a620 p. | ||
| 500 | _aTregnaghi, M. W. (2005). Manual de vacunas de Latinoamérica. (3a ed.). S/L : Asociación Panamericana de Infectología ; S.L.I.P.E. | ||
| 590 | _aDonación de Mariela Ruocco, Feb. 2011. | ||
| 653 | _aBases inmunológicas de las vacunas | ||
| 653 | _aConservación y manipulación de las vacunas | ||
| 653 | _aTécnicas de administración de las vacunas | ||
| 653 | _aIntercambio de vacunas | ||
| 653 | _aVacunaciones sistemáticas | ||
| 653 | _aVacunaciones no sistemáticas | ||
| 653 | _aCalendarios vacunales | ||
| 653 | _aVacunaciones en adolescentes | ||
| 653 | _aVacunaciones en situaciones especiales | ||
| 653 | _aVacunas en actuaciones de epidemia | ||
| 653 | _aVacunaciones rutinarias en adulto | ||
| 653 | _aVacunaciones del viajero | ||
| 653 | _aInmunización en el personal de salud | ||
| 653 | _aInmunizaciones para el futuro | ||
| 653 | _aInmunización pasiva | ||
| 653 | _aReacciones adversas de las vacunas y farmacovigilancia | ||
| 653 | _aUrgencias relacionadas con la vacunación | ||
| 653 | _aEtica de la inmunización | ||
| 930 | _a2185 | ||
| 942 |
_2ddc _cBK |
||
| 999 |
_c800 _d800 |
||